| 000 | 00572nam a2200205Ia 4500 | ||
|---|---|---|---|
| 005 | 20250923145606.0 | ||
| 008 | 008 250917s9999 xx 000 0 eng d | ||
| 037 | _aTextual | ||
| 040 |
_aDSWL _beng _cDSWL |
||
| 041 |
_aeng _2eng |
||
| 084 |
_aY12:414.2, N82;1 _qDSWL |
||
| 100 |
_aAhuja, Ram _9836934 |
||
| 245 | 0 |
_aSociology of youth subculture _c by Ram Ahuja |
|
| 260 |
_aJaipur _bRawat Publications _c1982 |
||
| 300 | _ax,138p. | ||
| 365 |
_aINR _b45 |
||
| 925 | _g45 | ||
| 942 |
_cTEXL _hY12:414.2, N82;1 |
||
| 999 |
_c1453235 _d1453235 |
||